[Event "DSJ Weihnachtsturnier U20 2020"]
[Site "https://play.chessbase.com/en/play?room=DSJWeihnachtU20"]
[Date "2020.12.29"]
[Round "4"]
[White "Reuker, Jari"]
[Black "Suvorov, Alexander"]
[Result "0-1"]
[Termination "normal"]
[Board "1.1"]
[BlackTitle "FM"]
[WhiteElo "2423"]
[BlackElo "2353"]
[WhiteTeam "SV Werder Bremen"]
[BlackTeam "Schachgemeinschaft Porz"]
[PlyCount "80"]
[WhiteFideId "12909300"]
[BlackFideId "12977063"]
[EventRounds "7"]
[EventType "team-swiss"]
[EventDate "2020.12.29"]

1. c4 {[%emt 0:00:11]} e5 {[%emt 0:00:03]} 2. g3 {[%emt 0:00:01]} Nc6 {[%emt
0:00:03]} 3. Bg2 {[%emt 0:00:01]} Bc5 {[%emt 0:00:01]} 4. e3 {[%emt 0:00:02]}
d6 {[%emt 0:00:01]} 5. Ne2 {[%emt 0:00:02]} a6 {[%emt 0:00:01]} 6. O-O {[%emt
0:00:01]} Ba7 {[%emt 0:00:01]} 7. Nbc3 {[%emt 0:00:01]} h5 {[%emt 0:00:07]} 8.
h3 {[%emt 0:00:09]} h4 {[%emt 0:00:29]} 9. g4 {[%emt 0:00:02]} f5 {[%emt
0:00:01]} 10. Qc2 {[%emt 0:00:08]} Nge7 {[%emt 0:00:58]} 11. g5 {[%emt
0:00:48]} Ng6 { [%emt 0:00:19]} 12. Nd5 {[%emt 0:00:34]} Nce7 {[%emt 0:00:22]}
13. Kh2 { [%emt 0:03:20]} c6 {[%emt 0:02:30]} 14. Ndc3 {[%emt 0:00:05]} Be6
{[%emt 0:00:30]} 15. d3 {[%emt 0:01:01]} d5 {[%emt 0:00:18]} 16. b3 {[%emt
0:01:25]} O-O { [%emt 0:00:48]} 17. f4 {[%emt 0:01:01]} d4 {[%emt 0:00:51]} 18.
exd4 {[%emt 0:00:08]} Bxd4 {[%emt 0:00:51]} 19. Ba3 {[%emt 0:00:38]} Re8 {[%emt
0:00:38]} 20. Rae1 {[%emt 0:00:05]} Bf7 {[%emt 0:00:14]} 21. Nxd4 {[%emt
0:00:08]} Qxd4 { [%emt 0:00:19]} 22. Ne2 {[%emt 0:00:03]} Qd7 {[%emt 0:00:19]}
23. fxe5 { [%emt 0:00:01]} Nxe5 {[%emt 0:00:03]} 24. d4 {[%emt 0:00:02]} N5g6
{[%emt 0:00:04]} 25. Qd2 {[%emt 0:00:20]} Rad8 {[%emt 0:00:04]} 26. Bc5 {[%emt
0:00:10]} Nc8 {[%emt 0:00:08]} 27. Kh1 {[%emt 0:00:10]} b6 {[%emt 0:00:09]} 28.
Ba3 { [%emt 0:00:01]} b5 {[%emt 0:00:01]} 29. Qc3 {[%emt 0:00:07]} Nd6 {[%emt
0:00:03]} 30. Bxd6 {[%emt 0:00:13]} Qxd6 {[%emt 0:00:01]} 31. cxb5 {[%emt
0:00:01]} cxb5 {[%emt 0:00:02]} 32. Rxf5 {[%emt 0:00:01]} Be6 {[%emt 0:00:05]}
33. Rff1 { [%emt 0:00:01]} Bd5 {[%emt 0:00:01]} 34. Qd3 {[%emt 0:00:02]} Rf8
{[%emt 0:00:08]} 35. Rf5 {[%emt 0:00:03]} Bxg2+ {[%emt 0:00:07]} 36. Kxg2
{[%emt 0:00:01]} Qe6 {[%emt 0:00:03]} 37. Rxf8+ {[%emt 0:00:01]} Rxf8 {[%emt
0:00:01]} 38. Qd2 { [%emt 0:00:05]} Qe4+ {[%emt 0:00:03]} 39. Kg1 {[%emt
0:00:00]} Qf3 {[%emt 0:00:01]} 40. Rf1 {[%emt 0:00:05]} Qxf1+ {[%emt 0:00:01]
Zeit} 0-1

[Event "DSJ Weihnachtsturnier U20 2020"]
[Site "https://play.chessbase.com/en/play?room=DSJWeihnachtU20"]
[Date "2020.12.29"]
[Round "4"]
[White "Fieberg, Samuel"]
[Black "Helms, Finn"]
[Result "1/2-1/2"]
[Termination "normal"]
[Board "1.4"]
[WhiteTitle "FM"]
[WhiteElo "2180"]
[BlackElo "1934"]
[WhiteTeam "Schachgemeinschaft Porz"]
[BlackTeam "SV Werder Bremen"]
[PlyCount "72"]
[WhiteFideId "12901717"]
[BlackFideId "16249143"]
[EventRounds "7"]
[EventType "team-swiss"]
[EventDate "2020.12.29"]

1. e4 {[%emt 0:00:18]} c6 {[%emt 0:00:02]} 2. d4 {[%emt 0:00:02]} d5 {[%emt
0:00:01]} 3. e5 {[%emt 0:00:01]} c5 {[%emt 0:00:01]} 4. Nf3 {[%emt 0:00:02]}
Nc6 {[%emt 0:00:02]} 5. dxc5 {[%emt 0:00:01]} e6 {[%emt 0:00:02]} 6. Be3 {[%emt
0:00:04]} Qa5+ {[%emt 0:00:04]} 7. c3 {[%emt 0:00:04]} Nge7 {[%emt 0:00:02]} 8.
Bd4 {[%emt 0:00:34]} Nxd4 {[%emt 0:00:08]} 9. Nxd4 {[%emt 0:00:22]} Qxc5 {
[%emt 0:00:07]} 10. Bb5+ {[%emt 0:00:10]} Nc6 {[%emt 0:00:04]} 11. b4 {[%emt
0:01:13]} Qb6 {[%emt 0:00:08]} 12. Nd2 {[%emt 0:00:22]} Bd7 {[%emt 0:00:07]}
13. Bxc6 {[%emt 0:00:23]} bxc6 {[%emt 0:00:04]} 14. O-O {[%emt 0:00:02]} Be7 {
[%emt 0:00:06]} 15. Qg4 {[%emt 0:00:18]} O-O {[%emt 0:00:10]} 16. a3 {[%emt
0:00:15]} c5 {[%emt 0:00:11]} 17. N4f3 {[%emt 0:00:12]} cxb4 {[%emt 0:00:08]}
18. axb4 {[%emt 0:00:27]} a5 {[%emt 0:00:05]} 19. bxa5 {[%emt 0:00:36]} Rxa5 {
[%emt 0:00:06]} 20. h4 {[%emt 0:00:04]} Rfa8 {[%emt 0:00:10]} 21. Rab1 { [%emt
0:00:03]} Qc7 {[%emt 0:00:19]} 22. h5 {[%emt 0:00:07]} Ra4 {[%emt 0:00:09]} 23.
Qg3 {[%emt 0:00:05]} Qxc3 {[%emt 0:00:11]} 24. h6 {[%emt 0:00:05]} g6 {[%emt
0:00:04]} 25. Rfc1 {[%emt 0:00:28]} Qa5 {[%emt 0:00:48]} 26. Rb7 { [%emt
0:00:06]} Ra7 {[%emt 0:00:35]} 27. Rb8+ {[%emt 0:00:03]} Bf8 {[%emt 0:00:02]}
28. Qg5 {[%emt 0:00:17]} Ra8 {[%emt 0:00:28]} 29. Rxf8+ {[%emt 0:00:39]} Kxf8
{[%emt 0:00:12]} 30. Qf6 {[%emt 0:00:04]} Ra1 {[%emt 0:01:20]} 31. Ng5 { [%emt
0:01:13]} Rxc1+ {[%emt 0:01:06]} 32. Kh2 {[%emt 0:00:05]} Ke8 {[%emt 0:01:14]}
33. Qh8+ {[%emt 0:00:43]} Ke7 {[%emt 0:00:03]} 34. Qf6+ {[%emt 0:00:12] } Ke8
{[%emt 0:00:02]} 35. Qh8+ {[%emt 0:00:53]} Ke7 {[%emt 0:00:03]} 36. Qf6+ {[%emt
0:00:02]} Ke8 {[%emt 0:00:01]} 1/2-1/2

[Event "DSJ Weihnachtsturnier U20 2020"]
[Site "https://play.chessbase.com/en/play?room=DSJWeihnachtU20"]
[Date "2020.12.29"]
[Round "4"]
[White "Kölle, Tobias"]
[Black "Knüdel, Torben"]
[Result "1/2-1/2"]
[Termination "normal"]
[Board "2.1"]
[WhiteTitle "FM"]
[WhiteElo "2340"]
[BlackElo "2204"]
[WhiteTeam "TSV Schönaich"]
[BlackTeam "Post SV Uelzen"]
[PlyCount "80"]
[WhiteFideId "16207378"]
[BlackFideId "16208820"]
[EventRounds "7"]
[EventType "team-swiss"]
[EventDate "2020.12.29"]

1. Nf3 {[%emt 0:00:08]} Nf6 {[%emt 0:00:04]} 2. c4 {[%emt 0:00:03]} e6 { [%emt
0:00:07]} 3. g3 {[%emt 0:00:11]} d5 {[%emt 0:00:04]} 4. Bg2 {[%emt 0:00:03]}
Be7 {[%emt 0:00:01]} 5. d4 {[%emt 0:00:03]} O-O {[%emt 0:00:02]} 6. O-O { [%emt
0:00:01]} dxc4 {[%emt 0:00:01]} 7. Ne5 {[%emt 0:00:01]} Nc6 {[%emt 0:00:03]} 8.
Bxc6 {[%emt 0:00:01]} bxc6 {[%emt 0:00:00]} 9. Nxc6 {[%emt 0:00:00]} Qe8 {[%emt
0:00:02]} 10. Nxe7+ {[%emt 0:00:00]} Qxe7 {[%emt 0:00:00]} 11. Qc2 { [%emt
0:00:00]} e5 {[%emt 0:00:18]} 12. Rd1 {[%emt 0:00:16]} Bb7 {[%emt 0:00:25]} 13.
Na3 {[%emt 0:00:40]} Qe6 {[%emt 0:00:47]} 14. f3 {[%emt 0:00:50]} e4 { [%emt
0:00:13]} 15. Rf1 {[%emt 0:01:16]} Qh3 {[%emt 0:01:38]} 16. Bg5 {[%emt
0:01:14]} Rae8 {[%emt 0:00:53]} 17. Bxf6 {[%emt 0:01:09]} gxf6 {[%emt 0:00:00]}
18. Nxc4 {[%emt 0:00:04]} Kh8 {[%emt 0:00:57]} 19. Rf2 {[%emt 0:00:07]} Rg8 {
[%emt 0:00:29]} 20. Na5 {[%emt 0:00:42]} Bd5 {[%emt 0:00:19]} 21. Qxc7 { [%emt
0:00:05]} f5 {[%emt 0:01:40]} 22. Qd6 {[%emt 0:00:16]} Ba8 {[%emt 0:00:18]} 23.
d5 {[%emt 0:00:11]} Rg6 {[%emt 0:00:10]} 24. Qc5 {[%emt 0:00:52]} Reg8 {[%emt
0:00:46]} 25. Rg2 {[%emt 0:00:04]} f4 {[%emt 0:00:18]} 26. g4 {[%emt 0:00:41]}
h5 {[%emt 0:00:15]} 27. Qd4+ {[%emt 0:00:06]} f6 {[%emt 0:00:03]} 28. g5 {[%emt
0:00:24]} Kh7 {[%emt 0:00:22]} 29. Qxe4 {[%emt 0:00:08]} Bxd5 { [%emt 0:00:02]}
30. Qxd5 {[%emt 0:00:21]} Rxg5 {[%emt 0:00:03]} 31. Qe4+ { [%emt 0:00:41]} Kh8
{[%emt 0:00:08]} 32. Rxg5 {[%emt 0:00:03]} Rxg5+ {[%emt 0:00:03]} 33. Kf2
{[%emt 0:00:00]} Qxh2+ {[%emt 0:00:16]} 34. Ke1 {[%emt 0:00:02] } Qg1+ {[%emt
0:00:01]} 35. Kd2 {[%emt 0:00:01]} Qxa1 {[%emt 0:00:01]} 36. Qe8+ {[%emt
0:00:05]} Kg7 {[%emt 0:00:08]} 37. Qe7+ {[%emt 0:00:03]} Kg6 {[%emt 0:00:01]}
38. Qe8+ {[%emt 0:00:01]} Kg7 {[%emt 0:00:09]} 39. Qe7+ {[%emt 0:00:03] } Kg6
{[%emt 0:00:02]} 40. Qe8+ {[%emt 0:00:06]} Kg7 {[%emt 0:00:01]} 1/2-1/2

[Event "DSJ Weihnachtsturnier U20 2020"]
[Site "https://play.chessbase.com/en/play?room=DSJWeihnachtU20"]
[Date "2020.12.29"]
[Round "4"]
[White "von Estorff, Jacob"]
[Black "Richter, Nils"]
[Result "1/2-1/2"]
[Termination "normal"]
[Board "2.2"]
[BlackTitle "FM"]
[WhiteElo "2125"]
[BlackElo "2294"]
[WhiteTeam "Post SV Uelzen"]
[BlackTeam "TSV Schönaich"]
[PlyCount "125"]
[WhiteFideId "12974501"]
[BlackFideId "12990809"]
[EventRounds "7"]
[EventType "team-swiss"]
[EventDate "2020.12.29"]

1. e4 {[%emt 0:00:07]} c5 {[%emt 0:00:06]} 2. Nf3 {[%emt 0:00:04]} e6 {[%emt
0:00:04]} 3. d4 {[%emt 0:00:01]} cxd4 {[%emt 0:00:00]} 4. Nxd4 {[%emt 0:00:01]}
Nc6 {[%emt 0:00:01]} 5. Be3 {[%emt 0:00:06]} Nf6 {[%emt 0:00:02]} 6. Nd2 {
[%emt 0:00:06]} d5 {[%emt 0:00:05]} 7. Bd3 {[%emt 0:00:42]} Bd6 {[%emt 0:00:49]
} 8. c3 {[%emt 0:00:18]} O-O {[%emt 0:00:13]} 9. h3 {[%emt 0:00:18]} Nxd4 {
[%emt 0:00:20]} 10. Bxd4 {[%emt 0:00:10]} e5 {[%emt 0:00:20]} 11. Be3 {[%emt
0:00:05]} Be6 {[%emt 0:00:07]} 12. O-O {[%emt 0:00:05]} Qc7 {[%emt 0:00:13]}
13. Qc2 {[%emt 0:00:17]} dxe4 {[%emt 0:00:11]} 14. Nxe4 {[%emt 0:00:13]} Nxe4 {
[%emt 0:00:01]} 15. Bxe4 {[%emt 0:00:00]} f5 {[%emt 0:00:01]} 16. Bd3 {[%emt
0:00:09]} e4 {[%emt 0:00:07]} 17. Bb5 {[%emt 0:00:06] Uelzen1-002 offers a
draw} Kh8 {[%emt 0:00:35]} 18. Bd4 {[%emt 0:00:17]} Rad8 {[%emt 0:00:12]} 19.
Rad1 { [%emt 0:00:17]} Bh2+ {[%emt 0:00:30]} 20. Kh1 {[%emt 0:00:01]} Be5
{[%emt 0:00:01]} 21. Bxe5 {[%emt 0:00:08]} Qxe5 {[%emt 0:00:00]} 22. Ba4 {[%emt
0:00:20]} f4 {[%emt 0:00:21]} 23. Rxd8 {[%emt 0:00:01]} Rxd8 {[%emt 0:00:00]}
24. Rd1 { [%emt 0:00:03]} Rf8 {[%emt 0:00:15]} 25. Bb3 {[%emt 0:00:36]} f3
{[%emt 0:00:11]} 26. Bxe6 {[%emt 0:00:03]} Qxe6 {[%emt 0:00:03]} 27. Re1 {[%emt
0:00:32]} Rf4 {[%emt 0:02:45]} 28. Qd2 {[%emt 0:01:11]} Rf8 {[%emt 0:00:50]}
29. Re3 { [%emt 0:00:23]} h6 {[%emt 0:00:19]} 30. Kg1 {[%emt 0:00:14]} Qe7
{[%emt 0:01:06]} 31. Qd5 {[%emt 0:00:19]} Rd8 {[%emt 0:00:29]} 32. Qxe4 {[%emt
0:00:05]} Qxe4 {[%emt 0:00:01]} 33. Rxe4 {[%emt 0:00:00]} Rd1+ {[%emt 0:00:01]}
34. Kh2 { [%emt 0:00:02]} Rd2 {[%emt 0:00:00]} 35. gxf3 {[%emt 0:00:30]} Rxf2+
{[%emt 0:00:05]} 36. Kg3 {[%emt 0:00:01]} Rxb2 {[%emt 0:00:00]} 37. a4 {[%emt
0:00:10]} Kh7 {[%emt 0:00:02]} 38. Rb4 {[%emt 0:00:10]} Rxb4 {[%emt 0:00:07]}
39. cxb4 { [%emt 0:00:00]} Kg6 {[%emt 0:00:01]} 40. Kf4 {[%emt 0:00:01]} Kf6
{[%emt 0:00:02]} 41. h4 {[%emt 0:00:02]} h5 {[%emt 0:00:11]} 42. b5 {[%emt
0:00:41]} b6 { [%emt 0:00:03]} 43. Ke4 {[%emt 0:01:52]} g5 {[%emt 0:00:01]} 44.
hxg5+ { [%emt 0:00:05]} Kxg5 {[%emt 0:00:00]} 45. Ke5 {[%emt 0:00:08]} h4
{[%emt 0:00:02]} 46. f4+ {[%emt 0:00:01]} Kg4 {[%emt 0:00:19]} 47. f5 {[%emt
0:00:02]} h3 { [%emt 0:00:00]} 48. f6 {[%emt 0:00:01]} h2 {[%emt 0:00:00]} 49.
f7 {[%emt 0:00:00]} h1=Q {[%emt 0:00:00]} 50. f8=Q {[%emt 0:00:02]} Qe1+ {[%emt
0:00:04]} 51. Kd5 {[%emt 0:00:06]} Qd1+ {[%emt 0:00:04]} 52. Kc6 {[%emt
0:00:04]} Qxa4 { [%emt 0:00:02]} 53. Qg7+ {[%emt 0:00:16]} Kf5 {[%emt 0:00:02]}
54. Qf7+ { [%emt 0:00:01]} Ke5 {[%emt 0:00:01]} 55. Qe7+ {[%emt 0:00:01]} Kf5
{[%emt 0:00:04]} 56. Qf7+ {[%emt 0:00:01] Uelzen1-002 offers a draw} Kg4 {[%emt
0:00:03]} 57. Qd7+ {[%emt 0:00:03]} Kf3 {[%emt 0:00:04]} 58. Kb7 {[%emt
0:00:08]} Ke3 { [%emt 0:00:06]} 59. Kb8 {[%emt 0:00:02]} Qa5 {[%emt 0:00:11]}
60. Qxa7 { [%emt 0:00:08]} Qxb5 {[%emt 0:00:01]} 61. Kb7 {[%emt 0:00:01]} Qa5
{[%emt 0:00:02]} 62. Qxb6+ {[%emt 0:00:01]} Qxb6+ {[%emt 0:00:00]} 63. Kxb6
{[%emt 0:00:00] } 1/2-1/2

[Event "DSJ Weihnachtsturnier U20 2020"]
[Site "https://play.chessbase.com/en/play?room=DSJWeihnachtU20"]
[Date "2020.12.29"]
[Round "4"]
[White "Brunner, Jan"]
[Black "Bargsten, Justus"]
[Result "1-0"]
[Termination "normal"]
[Board "2.3"]
[WhiteElo "2167"]
[BlackElo "2052"]
[WhiteTeam "TSV Schönaich"]
[BlackTeam "Post SV Uelzen"]
[PlyCount "53"]
[WhiteFideId "12981010"]
[BlackFideId "12974188"]
[EventRounds "7"]
[EventType "team-swiss"]
[EventDate "2020.12.29"]

1. d4 {[%emt 0:00:05]} Nf6 {[%emt 0:00:04]} 2. c4 {[%emt 0:00:01]} c5 {[%emt
0:00:06]} 3. d5 {[%emt 0:00:03]} e5 {[%emt 0:00:01]} 4. Nc3 {[%emt 0:00:16]} d6
{ [%emt 0:00:01]} 5. e4 {[%emt 0:00:10]} Be7 {[%emt 0:00:01]} 6. f3 {[%emt
0:00:10]} Nbd7 {[%emt 0:00:01]} 7. Be3 {[%emt 0:00:01]} Nf8 {[%emt 0:00:01]} 8.
g3 { [%emt 0:00:07]} Ng6 {[%emt 0:00:01]} 9. Bg2 {[%emt 0:00:03]} h5 {[%emt
0:00:01] } 10. h4 {[%emt 0:00:06]} Bd7 {[%emt 0:00:05]} 11. Qd2 {[%emt
0:00:03]} a6 { [%emt 0:00:03]} 12. Nh3 {[%emt 0:00:14]} b5 {[%emt 0:00:15]} 13.
b3 {[%emt 0:00:04]} Rb8 {[%emt 0:00:08]} 14. O-O {[%emt 0:00:06]} bxc4 {[%emt
0:00:15]} 15. bxc4 {[%emt 0:00:03]} Rb4 {[%emt 0:00:00]} 16. Qd3 {[%emt
0:00:11]} Qa5 { [%emt 0:00:13]} 17. Rfb1 {[%emt 0:00:13]} O-O {[%emt 0:00:10]}
18. Rxb4 { [%emt 0:00:14]} cxb4 {[%emt 0:00:02]} 19. Ne2 {[%emt 0:00:02]} Rc8
{[%emt 0:00:09]} 20. Nf2 {[%emt 0:00:12]} Bd8 {[%emt 0:00:09]} 21. Nc1 {[%emt
0:00:17]} Ba4 {[%emt 0:00:15]} 22. Nb3 {[%emt 0:00:07]} Bxb3 {[%emt 0:00:04]}
23. Qxb3 { [%emt 0:00:00]} Bb6 {[%emt 0:00:03]} 24. Bf1 {[%emt 0:00:25]} Nd7
{[%emt 0:00:12]} 25. a3 {[%emt 0:00:20]} Nc5 {[%emt 0:00:10]} 26. Qxb4 {[%emt
0:00:07]} Nb3 {[%emt 0:00:38]} 27. Qxb3 {[%emt 0:00:06]} 1-0

[Event "DSJ Weihnachtsturnier U20 2020"]
[Site "https://play.chessbase.com/en/play?room=DSJWeihnachtU20"]
[Date "2020.12.29"]
[Round "4"]
[White "Askerov, Imamali"]
[Black "Giebler, Kai"]
[Result "1-0"]
[Termination "normal"]
[Board "2.4"]
[WhiteElo "1937"]
[BlackElo "1880"]
[WhiteTeam "Post SV Uelzen"]
[BlackTeam "TSV Schönaich"]
[PlyCount "105"]
[WhiteFideId "12974498"]
[BlackFideId "12998664"]
[EventRounds "7"]
[EventType "team-swiss"]
[EventDate "2020.12.29"]

1. e4 {[%emt 0:00:07]} e5 {[%emt 0:00:02]} 2. Nf3 {[%emt 0:00:01]} Nc6 { [%emt
0:00:01]} 3. d4 {[%emt 0:00:01]} exd4 {[%emt 0:00:01]} 4. Nxd4 {[%emt 0:00:00]}
Bc5 {[%emt 0:00:01]} 5. Be3 {[%emt 0:00:02]} Qf6 {[%emt 0:00:01]} 6. c3 {[%emt
0:00:01]} Nge7 {[%emt 0:00:02]} 7. Bc4 {[%emt 0:00:02]} Ne5 {[%emt 0:00:02]} 8.
Be2 {[%emt 0:00:01]} Qg6 {[%emt 0:00:04]} 9. O-O {[%emt 0:00:02]} O-O { [%emt
0:00:15]} 10. Nd2 {[%emt 0:00:04]} d5 {[%emt 0:00:48]} 11. f3 {[%emt 0:00:27]}
dxe4 {[%emt 0:00:43]} 12. Nxe4 {[%emt 0:00:00]} Bb6 {[%emt 0:00:08]} 13. a4
{[%emt 0:00:28]} a5 {[%emt 0:00:04]} 14. Nc2 {[%emt 0:00:32]} Nf5 { [%emt
0:00:17]} 15. Bf2 {[%emt 0:00:32]} Bxf2+ {[%emt 0:00:06]} 16. Rxf2 { [%emt
0:00:00]} Be6 {[%emt 0:00:27]} 17. Qc1 {[%emt 0:00:23]} Bd5 {[%emt 0:00:40]}
18. Qf4 {[%emt 0:00:41]} Rfe8 {[%emt 0:00:33]} 19. Nd4 {[%emt 0:01:19]} Nxd4
{[%emt 0:00:42]} 20. cxd4 {[%emt 0:00:00]} Nc6 {[%emt 0:00:06]} 21. Nc3 { [%emt
0:00:11]} Rad8 {[%emt 0:01:12]} 22. Rd1 {[%emt 0:00:12]} Qd6 {[%emt 0:00:18]}
23. Qh4 {[%emt 0:00:49]} Bb3 {[%emt 0:00:22]} 24. Rd2 {[%emt 0:01:00]} Nxd4
{[%emt 0:00:27]} 25. Bf1 {[%emt 0:00:42]} Qb6 {[%emt 0:01:18]} 26. h3 { [%emt
0:00:36]} Rd6 {[%emt 0:00:23]} 27. Kh2 {[%emt 0:00:23]} Nf5 {[%emt 0:00:33]}
28. Qg5 {[%emt 0:00:19]} Ne7 {[%emt 0:00:31]} 29. Bb5 {[%emt 0:00:24]} f6
{[%emt 0:00:25]} 30. Qh5 {[%emt 0:00:13]} Red8 {[%emt 0:00:02]} 31. Rde2 {
[%emt 0:00:08]} Ng6 {[%emt 0:00:02]} 32. Qg4 {[%emt 0:00:26]} Bf7 {[%emt
0:00:03]} 33. h4 {[%emt 0:00:23]} Ne5 {[%emt 0:00:02]} 34. Qg3 {[%emt 0:00:04]}
Rd4 {[%emt 0:00:02]} 35. Ne4 {[%emt 0:00:03]} Bg6 {[%emt 0:00:02]} 36. h5
{[%emt 0:00:02]} Bxe4 {[%emt 0:00:01]} 37. fxe4 {[%emt 0:00:02]} Qd6 {[%emt
0:00:04]} 38. b3 {[%emt 0:00:05]} Ng4+ {[%emt 0:00:01]} 39. Kh3 {[%emt
0:00:03]} Nxf2+ { [%emt 0:00:01]} 40. Qxf2 {[%emt 0:00:04]} Qe6+ {[%emt
0:00:01]} 41. Kh2 { [%emt 0:00:01]} Qe5+ {[%emt 0:00:01]} 42. g3 {[%emt
0:00:07]} Rxe4 {[%emt 0:00:01]} 43. Bc4+ {[%emt 0:00:10]} Kh8 {[%emt 0:00:03]}
44. Rc2 {[%emt 0:00:08]} Red4 {[%emt 0:00:03]} 45. Re2 {[%emt 0:00:02]} Qxh5+
{[%emt 0:00:01]} 46. Kg2 { [%emt 0:00:01]} Qg5 {[%emt 0:00:05]} 47. Qxd4 {[%emt
0:00:01]} Rf8 {[%emt 0:00:07]} 48. Qe3 {[%emt 0:00:01]} Qg6 {[%emt 0:00:05]}
49. Qe7 {[%emt 0:00:01]} Rc8 {[%emt 0:00:07]} 50. Bf7 {[%emt 0:00:01]} h6
{[%emt 0:00:05]} 51. Bxg6 { [%emt 0:00:01]} Kg8 {[%emt 0:00:01]} 52. Qe8+
{[%emt 0:00:03]} Rxe8 {[%emt 0:00:01]} 53. Rxe8# {[%emt 0:00:00]} 1-0

[Event "DSJ Weihnachtsturnier U20 2020"]
[Site "https://play.chessbase.com/en/play?room=DSJWeihnachtU20"]
[Date "2020.12.29"]
[Round "4"]
[White "Gelman, Josef"]
[Black "Krastev, Alexander"]
[Result "0-1"]
[Termination "time forfeit"]
[Board "3.1"]
[BlackTitle "FM"]
[WhiteElo "2007"]
[BlackElo "2367"]
[WhiteTeam "SC Weisse Dame"]
[BlackTeam "Schachgesellschaft Solingen"]
[PlyCount "56"]
[WhiteFideId "12959642"]
[BlackFideId "12989983"]
[EventRounds "7"]
[EventType "team-swiss"]
[EventDate "2020.12.29"]

1. d4 {[%emt 0:00:05]} Nf6 {[%emt 0:00:02]} 2. Bg5 {[%emt 0:00:02]} c5 { [%emt
0:00:01]} 3. Bxf6 {[%emt 0:00:03]} gxf6 {[%emt 0:00:00]} 4. d5 {[%emt 0:00:01]}
Qb6 {[%emt 0:00:03]} 5. b3 {[%emt 0:00:02]} Bg7 {[%emt 0:00:04]} 6. Nf3 {[%emt
0:00:03]} f5 {[%emt 0:00:11]} 7. c3 {[%emt 0:00:02]} O-O {[%emt 0:00:06] } 8.
e3 {[%emt 0:00:09]} d6 {[%emt 0:00:14]} 9. Be2 {[%emt 0:00:43]} Qa5 { [%emt
0:00:11]} 10. Qc2 {[%emt 0:00:28]} b5 {[%emt 0:00:04]} 11. O-O {[%emt 0:00:24]}
b4 {[%emt 0:00:40]} 12. Rc1 {[%emt 0:00:11]} Na6 {[%emt 0:00:01]} 13. Bxa6
{[%emt 0:00:35]} Bxa6 {[%emt 0:01:19]} 14. Qxf5 {[%emt 0:00:16]} bxc3 { [%emt
0:00:08]} 15. Qc2 {[%emt 0:00:22]} c4 {[%emt 0:00:19]} 16. bxc4 {[%emt
0:00:13]} Rfc8 {[%emt 0:00:25]} 17. Nd4 {[%emt 0:01:19]} Rxc4 {[%emt 0:00:26]}
18. Nc6 {[%emt 0:00:23]} Qc7 {[%emt 0:00:11]} 19. Na3 {[%emt 0:00:12]} Rc5 {
[%emt 0:00:11]} 20. e4 {[%emt 0:00:16]} Bb7 {[%emt 0:00:25]} 21. Rab1 {[%emt
0:01:07]} Bxc6 {[%emt 0:00:05]} 22. dxc6 {[%emt 0:00:01]} Qxc6 {[%emt 0:00:05]}
23. Rb3 {[%emt 0:00:18]} d5 {[%emt 0:00:45]} 24. exd5 {[%emt 0:00:15]} Rxd5 {
[%emt 0:00:00]} 25. Nb1 {[%emt 0:00:27]} Rc8 {[%emt 0:00:09]} 26. h3 {[%emt
0:01:32]} Qc5 {[%emt 0:00:40]} 27. Nxc3 {[%emt 0:00:20]} Rd4 {[%emt 0:01:12]}
28. Qb2 {[%emt 0:01:08]} Rc4 {[%emt 0:00:08] TimeW} 0-1

[Event "DSJ Weihnachtsturnier U20 2020"]
[Site "https://play.chessbase.com/en/play?room=DSJWeihnachtU20"]
[Date "2020.12.29"]
[Round "4"]
[White "Bashylina, Luisa"]
[Black "Tham, Nam"]
[Result "1-0"]
[Termination "normal"]
[Board "3.2"]
[WhiteTitle "WCM"]
[WhiteElo "1978"]
[BlackElo "1951"]
[WhiteTeam "Schachgesellschaft Solingen"]
[BlackTeam "SC Weisse Dame"]
[PlyCount "93"]
[WhiteFideId "12983292"]
[BlackFideId "12997331"]
[EventRounds "7"]
[EventType "team-swiss"]
[EventDate "2020.12.29"]

1. e4 {[%emt 0:00:03]} e5 {[%emt 0:00:10]} 2. Nf3 {[%emt 0:00:02]} Nc6 { [%emt
0:00:02]} 3. d4 {[%emt 0:00:01]} exd4 {[%emt 0:00:01]} 4. Nxd4 {[%emt 0:00:00]}
Nf6 {[%emt 0:00:08]} 5. Nxc6 {[%emt 0:00:01]} bxc6 {[%emt 0:00:04]} 6. e5
{[%emt 0:00:01]} Qe7 {[%emt 0:00:17]} 7. Qe2 {[%emt 0:00:02]} Nd5 {[%emt
0:00:01]} 8. c4 {[%emt 0:00:01]} Ba6 {[%emt 0:00:00]} 9. b3 {[%emt 0:00:02]} g6
{ [%emt 0:00:04]} 10. f4 {[%emt 0:00:12]} Bg7 {[%emt 0:00:01]} 11. Qf2 {[%emt
0:00:03]} Nf6 {[%emt 0:00:22]} 12. Be2 {[%emt 0:00:10]} Ne4 {[%emt 0:00:04]}
13. Qe3 {[%emt 0:00:01]} f5 {[%emt 0:00:22]} 14. Ba3 {[%emt 0:00:10]} d6 {[%emt
0:00:16]} 15. Nc3 {[%emt 0:00:01]} Nxc3 {[%emt 0:00:36]} 16. Qxc3 {[%emt
0:00:00] } O-O {[%emt 0:00:03]} 17. O-O {[%emt 0:00:04]} c5 {[%emt 0:00:06]}
18. Bf3 { [%emt 0:00:08]} Rab8 {[%emt 0:00:15]} 19. Rae1 {[%emt 0:00:36]} dxe5
{[%emt 0:00:33]} 20. Bd5+ {[%emt 0:00:15]} Kh8 {[%emt 0:00:02]} 21. Qa5 {[%emt
0:00:00]} Qf6 {[%emt 0:01:36]} 22. Bxc5 {[%emt 0:00:15]} Rfe8 {[%emt 0:00:12]}
23. fxe5 { [%emt 0:00:18]} Rxe5 {[%emt 0:00:19]} 24. Rxe5 {[%emt 0:00:07]} Qxe5
{[%emt 0:00:01]} 25. Qxa6 {[%emt 0:00:02]} Re8 {[%emt 0:00:12]} 26. Qc6 {[%emt
0:00:21]} Bh6 {[%emt 0:00:17]} 27. Bf3 {[%emt 0:00:36]} Rd8 {[%emt 0:01:17]}
28. Bxa7 { [%emt 0:00:28]} Bf4 {[%emt 0:00:45]} 29. h3 {[%emt 0:00:34]} g5
{[%emt 0:00:21] } 30. Qc5 {[%emt 0:00:10]} Qf6 {[%emt 0:00:20]} 31. Bd5 {[%emt
0:00:27]} Be5 { [%emt 0:00:13]} 32. Qc6 {[%emt 0:00:16]} Bd6 {[%emt 0:00:11]}
33. Re1 {[%emt 0:00:10]} g4 {[%emt 0:00:33]} 34. Re8+ {[%emt 0:00:09]} Rxe8
{[%emt 0:00:02]} 35. Qxe8+ {[%emt 0:00:00]} Kg7 {[%emt 0:00:01]} 36. Qg8+
{[%emt 0:00:51]} Kh6 { [%emt 0:00:03]} 37. Qe6 {[%emt 0:00:06]} Qxe6 {[%emt
0:00:20]} 38. Bxe6 { [%emt 0:00:02]} gxh3 {[%emt 0:00:01]} 39. gxh3 {[%emt
0:00:02]} Kg5 {[%emt 0:00:01]} 40. a4 {[%emt 0:00:26]} f4 {[%emt 0:00:19]} 41.
a5 {[%emt 0:00:04]} Kf6 {[%emt 0:00:10]} 42. Bd5 {[%emt 0:00:04]} Ke5 {[%emt
0:00:01]} 43. a6 {[%emt 0:00:06]} c5 {[%emt 0:00:04]} 44. Bb6 {[%emt 0:00:10]}
Kd4 {[%emt 0:00:04]} 45. a7 {[%emt 0:00:04]} Ke3 {[%emt 0:00:01]} 46. a8=Q
{[%emt 0:00:04]} f3 {[%emt 0:00:01]} 47. Bxf3 {[%emt 0:00:01]} 1-0